Sponzoring športovej udalosti bakalárska práca

Saved in:
Bibliographic Details
Main Author: Chmurčiaková, Denisa
Corporate Author: Obchodná fakulta EU. Katedra marketingu
Other Authors: Šupák, Juraj
Format: Book
Language:Slovak
Published: Bratislava 2017
Tags: Add Tag
No Tags, Be the first to tag this record!

MARC

LEADER 00000nbm a2200000 4500
001 0235485
005 20170921123414.5
041 0 |a slo 
044 |a SK 
245 1 0 |a Sponzoring športovej udalosti  |b bakalárska práca  |c Denisa Chmurčiaková ; školiteľ: Juraj Šupák 
264 1 |a Bratislava  |c 2017 
300 |a 61 s. 
100 1 |a Chmurčiaková, Denisa 
700 1 |a Šupák, Juraj 
710 2 |a Obchodná fakulta EU. Katedra marketingu